"W" Synonyms - Statistics

General Stats
  • This quiz has been taken 110 times
  • The average score is 13 of 20
Answer Stats
Word W Synonyms % Correct
Marry Wed
95%
Tiny Wee
93%
Cry Weep / Wail
93%
Damp Wet
92%
Spouse Wife
89%
Untamed Wild
89%
Uterus Womb
89%
Salary Wage
80%
Strange Weird
79%
Jailor Warden
77%
Heat Warm
70%
Beat Whip
63%
Bark Woof / Whoof
57%
Anger Wrath
46%
Tired Weary
37%
Clean Wash
35%
Drunk Wasted
32%
Crazy Wacko / Wacky
29%
Dizzy Woozy
29%
Clever Witty
25%
No matching quizzes found
Score Distribution
Percent of People with Each Score
Percentile by Number Answered
Your Score History
You have not taken this quiz